000 00212 a2200097 4500
001 894
100 _aTucker,W.J
245 _aPlastic for electrical & radio engg
260 _a
_bTech press
_c
090 _c484
_d484
942 _aNUST-CAE
_cM
_c31200
999 _c235967
_d235967